Les 30 dernières arrivées de l'OL - Statistiques

Statistiques générales
  • Ce quiz a été pris 94 fois
  • Le résultat moyen est 24 sur 30
Statistiques - réponses
Club précédent Poste Nationalité Nom % Correct
Arsenal Attaquant France Alexandre Lacazette
99%
Bayern Munich Milieu France Corentin Tolisso
98%
Ajax Défenseur Argentine Nicolas Tagliafico
95%
Zénit Défenseur Croatie Dejan Lovren
93%
Bayern Munich Défenseur Allemagne Jerôme Boateng
88%
Liverpool Attaquant Suisse Xherdan Shaqiri
87%
Southampton Défenseur Croatie Duje Caleta-Car
86%
AC Milan Milieu Brésil Lucas Paqueta
86%
FC Bruges Défenseur Angola Clinton Mata
85%
Botafogo Attaquant Brésil Jeffinho
85%
Nordsjaelland Attaquant Ghana Ernest Nuamah
84%
Crystal Palace Défenseur Irlande Jake O'Brien
82%
SM Caen Milieu France Johann Lepenant
82%
Villarreal Attaquant Cameroun Karl Toko Ekambi
81%
Troyes Attaquant Guinée-Bissau Mama Baldé
81%
SM Caen Gardien France Rémy Riou
81%
Tottenham Milieu France Tanguy Ndombélé
81%
Arsenal Milieu Angleterre Ainsley Maitland-Niles
80%
Heerenveen Attaquant Suède Amin Sarr
79%
Chelsea Défenseur Italie Emerson
79%
Shaktar Donetsk Attaquant Brésil Tête
76%
Leicester City Attaquant Algérie Islam Slimani
75%
Chelsea Attaquant Portugal Diego Moreira
72%
FC Sochaux Milieu France Skelly Alvero
69%
Juventus Défenseur Italie Mattia De Sciglio
68%
Stade Brestois Milieu France Romain Faivre
68%
Le Havre AC Défenseur France Saël Kumbedi
64%
Vasco Da Gama Défenseur Brésil Henrique
62%
Stade Rennais Défenseur France Damien Da Silva
61%
Real Betis Milieu Côte d'Ivoire Paul Akouokou
56%
Aucun quiz correspondant
Distribution des résultats
% des personnes avec chaque résultat
Percentile par nombre de réponses
Votre historique - résultats
Vous n’avez pas pris ce quiz